000 00280nam a22001337a 4500
008 181010b xxu||||| |||| 00| 0 eng d
020 _a9780155008366
041 _aeng
080 _a316
100 _a50
101 _aSOC
245 _aSociology
_cKornblum, W
942 _2udc
_cBK
999 _c49310
_d49310